|
|
|
|
| LEADER |
00000cam a2200000 7i4500 |
| 001 |
0000000493 |
| 005 |
20000823.0 |
| 090 |
0 |
0 |
|a 338.17498095951
|b LEE 1975
|
| 100 |
1 |
0 |
|a LEE
|h Yew Hon
|
| 245 |
1 |
0 |
|a Commercial timbers of Peninsular Malaysia
|c by Lee Yew Hon & Chu Yue Pun
|f illustrated by Isaac Ho Sai Yuen
|
| 260 |
0 |
0 |
|a Kuala Lumpur :
|b Department of Forestry Peninsular Malaysia ,
|c 1975
|
| 300 |
|
|
|a 126, 11 p. :
|b col. ill. ;
|c 32 cm.
|
| 650 |
0 |
0 |
|a Timber
|z Malaysia
|
| 700 |
0 |
1 |
|a CHU
|h Yue Pun
|
| 700 |
0 |
1 |
|a Ho
|h Isaac Sai Yuen
|y ill.
|
| 999 |
|
|
|a 0000001652
|b Monograph
|c Open Shelf
|e Default branch
|
| 999 |
|
|
|a 0000001653
|b Monograph
|c Open Shelf
|e Default branch
|
| 999 |
|
|
|a 0000001654
|b Monograph
|c Open Shelf
|e Default branch
|